| 000 | 00342cam a2200133u 4500 | ||
|---|---|---|---|
| 100 | 1 |
_aBarque, Ghulam Jilani, _937211 |
|
| 245 | 1 | 0 | _aIslām aur ʻaṣr-i ravān. |
| 260 | _c[1965] | ||
| 300 |
_a282 p. _c23 cm. |
||
| 500 | _aRomanized. | ||
| 526 |
_a0 _b0 _c0 |
||
| 650 | 0 |
_aIslamic civilization _xWestern influences. _937212 |
|
| 942 |
_2ddc _cBK |
||
| 999 |
_c542108 _d542108 |
||